• 首页
  • 本馆介绍
  • 公告通知
  • 最新文献
  • 馆藏检索
  • 电子资源
  • 读者导购
  • 参考咨询
  • 我的图书馆
  • 登录
  • 详细信息显示
  • 放入我的书架
  • 预约/预借图书
  • 作者相关作品
  • 分类相关作品
  • 丛书相关作品
  • 出版社相关作品

书目信息

  • 表格格式
  • 工作单格式
  • 卡片格式
题名:
电子电路制作
    
 
作者: 加Dave Cutcher 著 ;张宝玲 译
分册:  
出版信息: 北京   科学出版社  2007
页数: 245页
开本: 20cm
丛书名:
单 册:
中图分类: TN710-64
科图分类:
主题词: 电子电路
电子资源:
ISBN: 978-7-03-018432-0
000 00620nam0 2200193 450
001 0735592734
005 20070906095312.73
010    @a978-7-03-018432-0@d¥33.00
100    @a20070906d km y0chiy0120 ea
101 0  @achi
200 1  @a电子电路制作@Adian zi dian lu zhi zuo@f[加]Dave Cutcher著@F[jia]Dave Cutcher zhu@g张宝玲等译@Gzhang bao ling deng yi
210    @a北京@c科学出版社@d2007
215    @a245页@d20cm
606 0  @a电子电路
690    @aTN710-64@v3
701  0 @a加Dave Cutcher@Ajia Dave Cutcher@4著
702  0 @a张宝玲@Azhang bao ling@4译
801  0 @aCN@bPFT@c20070906
905    @a213230@dTN710-64@ep9:5@f1
    
    电子电路制作/[加]Dave Cutcher著/张宝玲等译.-北京:科学出版社,2007
    245页;20cm
    
    
    ISBN 978-7-03-018432-0:¥33.00
    
●
相关链接 在E读中查询图书 在五车中查询图书 在当当中查询图书 在豆瓣中查询图书


正题名:电子电路制作     索取号:TN710-64/p9:5         预约/预借

序号 登录号 条形码 馆藏地/架位号 状态 备注
1 7202196   272021956   密集书库-物理学院/ [索取号:TN710-64/p9:5] 在馆    
2 7202197   272021965   密集书库-物理学院/ [索取号:TN710-64/p9:5] 在馆    
3 7202198   272021974   密集书库-物理学院/ [索取号:TN710-64/p9:5] 在馆    
4 7202199   272021983   密集书库-文学院/ [索取号:TN710-64/p9:5] 在馆    
5 7202200   272021992   密集书库-物理学院/ [索取号:TN710-64/p9:5] 在馆    
唐山师范学院图书馆 欢迎您!
大连网信软件有限公司© 版权所有